Handbook of Applied Biochemistry, Nutrition & Dietetics (Record no. 1718)
[ view plain ]
| 000 -LEADER | |
|---|---|
| Fixed length control field | 00673nam a22002297a 4500 |
| 003 - CONTROL NUMBER IDENTIFIER | |
| Control field | IIN |
| 005 - DATE AND TIME OF LATEST TRANSACTION | |
| Control field | 20250328145123.0 |
| 008 - FIXED-LENGTH DATA ELEMENTS--GENERAL INFORMATION | |
| Fixed length control field | 250328b |||adc|| |||| 001 0 eng d |
| 020 ## - INTERNATIONAL STANDARD BOOK NUMBER / ISBN | |
| International Standard Book Number | 9789354656545 |
| Price | Rs.895.00 |
| 040 ## - CATALOGING SOURCE | |
| Original cataloging agency | IIN |
| 082 ## - DEWEY DECIMAL CLASSIFICATION NUMBER | |
| Classification number | 610.7 |
| Book Number | NAY |
| 100 ## - MAIN ENTRY--PERSONAL NAME | |
| Personal name | Nayak, Shivananda B. |
| 245 ## - TITLE STATEMENT | |
| Title | Handbook of Applied Biochemistry, Nutrition & Dietetics |
| Sub title | for Nursing and Allied Health Students |
| Statement of responsibility | Shivananda Nayak B |
| 250 ## - EDITION STATEMENT | |
| Edition statement | 5th ed. |
| 260 ## - IMPRINT | |
| Place of publication | New Delhi |
| Name of publisher | Jaypee |
| Date of publication | 2022 |
| 300 ## - PHYSICAL DESCRIPTION | |
| Page / Vol. No | xxiii, 402 p. |
| Other physical details | some col. ill. |
| 500 ## - GENERAL NOTE | |
| General note | Includes Index |
| 650 ## - SUBJECT ADDED ENTRY--TOPICAL TERM | |
| Topical term | Biochemistry |
| General subdivision | Applied Biochemistry |
| 650 ## - SUBJECT ADDED ENTRY--TOPICAL TERM | |
| Topical term | Nutrition |
| 650 ## - SUBJECT ADDED ENTRY--TOPICAL TERM | |
| Topical term | Dietetics |
| 942 ## - ADDED ENTRY ELEMENTS (KOHA) | |
| Koha item type | Books |
| Withdrawn status | Lost status | Source of classification | Damaged status | Not for loan | Collection code | Home library | Current library | Shelving location | Date acquired | Price | Total Checkouts | Call number | Accession number | Date last seen | Price effective from | Koha item type |
|---|---|---|---|---|---|---|---|---|---|---|---|---|---|---|---|---|
| Dewey Decimal Classification | Purches Book | IDEAL INSTITUTE OF NURSING | IDEAL INSTITUTE OF NURSING | General Stacks | 11/03/2025 | 895.00 | 610.7 NAY | 1757 | 28/03/2025 | 28/03/2025 | Books |
